书目信息 |
| 题名: |
应用英语综合能力实训
|
|
| 作者: | 胡丽纯 , 夏宁满 主编 | |
| 分册: | ||
| 出版信息: | 杭州 浙江大学出版社 2010.03 |
|
| 页数: | 390页 | |
| 开本: | 26cm | |
| 丛书名: | ||
| 单 册: | ||
| 中图分类: | H31 | |
| 科图分类: | ||
| 主题词: | 英语--ying yu--高等学校--技术学校--教材 | |
| 电子资源: | ||
| ISBN: | 978-7-308-07083-6 | |
| 000 | 00958nam0 2200265 450 | |
| 001 | 012010223965 | |
| 005 | 20100626082451.35 | |
| 010 | @a978-7-308-07083-6@dCNY58.00 (含光盘) | |
| 010 | @a978-7-89490-648-9@b光盘 | |
| 100 | @a20100626d2010 em y0chiy0120 ea | |
| 101 | 0 | @achi@aeng |
| 102 | @aCN@b330000 | |
| 105 | @aa z 000yy | |
| 106 | @ar | |
| 200 | 1 | @a应用英语综合能力实训@Aying yong ying yu zong he neng li shi xun@f胡丽纯, 夏宁满主编@Fhu li chun,xia ning man zhu bian |
| 210 | @a杭州@c浙江大学出版社@d2010.03 | |
| 215 | @a390页@c图@d26cm@e光盘1片 | |
| 300 | @a高职高专商务英语、应用英语专业规划教材 | |
| 330 | @a本书主要分五个部分,主要内容有第一部分听和说,第二部分写作,第三、四部分翻译,第五部分商务同声打字。 | |
| 606 | 0 | @a英语@Aying yu@x高等学校@x技术学校@j教材 |
| 690 | @aH31@v4 | |
| 701 | 0 | @a胡丽纯@Ahu li chun@4主编 |
| 701 | 0 | @a夏宁满@Axia ning man@4主编 |
| 801 | 0 | @aCN@bQSSK@c20100626 |
| 905 | @b784232-34@dH31@eH480@f3 | |
| 应用英语综合能力实训/胡丽纯, 夏宁满主编.-杭州:浙江大学出版社,2010.03 |
| 390页:图;26cm+光盘1片 |
| 高职高专商务英语、应用英语专业规划教材 |
| ISBN 978-7-308-07083-6:CNY58.00 (含光盘) |
| 本书主要分五个部分,主要内容有第一部分听和说,第二部分写作,第三、四部分翻译,第五部分商务同声打字。 |
| ● |
| 相关链接 |
|
|
|
正题名:应用英语综合能力实训
索取号:H31/H480
 
预约/预借
| 序号 | 登录号 | 条形码 | 馆藏地/架位号 | 状态 | 备注 |
| 1 | 784232 | 207842325 | 语言库209/209语言库 82排2列1层/ [索取号:H31/H480] | 在馆 | |
| 2 | 784233 | 207842334 | 语言库209/209语言库 82排2列1层/ [索取号:H31/H480] | 在馆 | |
| 3 | 784234 | 207842343 | 语言库209/209语言库 82排2列1层/ [索取号:H31/H480] | 在馆 |